Clínica e Investigación en Ginecología y Obstetricia (Registro nro. 1165)
[ vista simple ]
| 000 -LEADER | |
|---|---|
| fixed length control field | 00808nas a22002057a 4500 |
| 008 - CAMPO DE CONTROL RECURSOS CONTINUADOS | |
| fixed length control field | 130222t20009999sp ||||| |||| 00| 0 spa d |
| 022 ## - INTERNATIONAL STANDARD SERIAL NUMBER | |
| International Standard Serial Number | 0210-573X |
| 245 ## - TITULO | |
| Titulo | Clínica e Investigación en Ginecología y Obstetricia |
| 260 ## - PUBLICACION, DISTRIBUCION, ETC. (PIE DE IMPRENTA) | |
| Lugar de publicación, distribución, etc | Barcelona: |
| Nombre de la editorial, distribuidor, etc. | Elsevier |
| -- | Doyma, |
| Fecha de publicación | 2000 |
| 300 ## - DESCRIPCION FISICA | |
| Extensión | v. : |
| 310 ## - FRECUENCIA ACTUAL DE LA PUBLICACION | |
| Frecuencia actual de la publicación | mensual |
| 546 ## - NOTA DE IDIOMA | |
| Nota de lenguaje | español |
| 590 ## - NOTAS LOCALES (RLIN) | |
| Nota local | Indexada en: Science Direct, EMBASE/ Excerpta Médica |
| 590 ## - NOTAS LOCALES (RLIN) | |
| Nota local | Existencias: 2000 27(1-10); 2001 28(1-10) |
| 650 ## - MATERIA-TERMINO TEMATICO | |
| Término temático | GINECOLOGIA |
| 9 (RLIN) | 1896 |
| 650 ## - MATERIA-TERMINO TEMATICO | |
| Término temático | OBSTETRICIA |
| 9 (RLIN) | 1897 |
| 856 ## - LOCALIZACION ELECTRONICA Y ACCESO | |
| Identificador Uniforme de Recurso (URI) | <a href="http://www.elsevier.es/es/revistas/clinica-e-investigacion-ginecologia-obstetricia-7">http://www.elsevier.es/es/revistas/clinica-e-investigacion-ginecologia-obstetricia-7</a> |
| Nota pública | Acceso a resumenes |
| 856 ## - LOCALIZACION ELECTRONICA Y ACCESO | |
| Identificador Uniforme de Recurso (URI) | <a href="http://www.biblioteca.mincyt.gov.ar/">http://www.biblioteca.mincyt.gov.ar/</a> |
| Nota pública | Acceda desde aquí a Science Direct para obtener free full text (desde PCs habilitadas) |
| 942 ## - ADDED ENTRY ELEMENTS (KOHA) | |
| Source of classification or shelving scheme | Dewey Decimal Classification |
| Item type | Continuing Resources |
No hay ítems disponibles.